| 000 | 01078na a2200289 4500 | ||
|---|---|---|---|
| 001 | 17499 | ||
| 003 | MIRAKIL | ||
| 005 | 20181213154846.0 | ||
| 008 | 161025b tu 000 0 | ||
| 020 | _a9751605725 (c.2) | ||
| 020 | _a9751605180 (c.1) | ||
| 020 | _a9751605172 (tk.) | ||
| 040 |
_aMilas _btur _cTR-AnCHP |
||
| 041 | _atur | ||
| 082 |
_a956.1023 _bS26k 1993-1994 |
||
| 090 | _a956.1023 S26k 1993-1994 | ||
| 100 | _aSarıhan, Zeki | ||
| 245 |
_aKurtuluş Savaşı günlüğü _b(açıklamalı kronoloji) _cZeki Sarıhan |
||
| 260 |
_aAnkara _bTürk Tarih Kurumu Yayınları _c1993-1994 |
||
| 300 |
_a2 c. _c24 sm. |
||
| 440 |
_aAtatürk Kültür, Dil ve Tarih Yüksek Kurumu Türk Tarih Kurumu Yayınları _nXVI. Dizi _vSa. 71a |
||
| 500 | _a1. c. yayın tarihi:1993 ; 2. c. yayın tarihi 1994 | ||
| 504 | _aKaynakça ve dizin var. | ||
| 505 | _ac.1. Mondros'tan Erzurum Kongresi'ne (30 Ekim 1918 - 22 Temmuz 1919) -- c.2. Erzurum Kongresi'nden TBMM'ye (23 Temmuz 1919-22 Nisan 1920 | ||
| 651 |
_aTürkiye _xTarih _yKurtuluş savaşı |
||
| 942 |
_2dcc _cBKS |
||
| 999 |
_c2126 _d2126 |
||